Horse Metaphors - Statistics

General Stats
  • This quiz has been taken 162 times
  • The average score is 4 of 8
Answer Stats
Metaphor Answer % Correct
You can lead a horse to water but you can't make it _____. Drink
89%
____ your horses. Hold
84%
Get of your ____ horse. High
82%
Straight from the horses _____. Mouth
72%
Don't look a ____ horse in the mouth. Gift
59%
Horse of another _____. Color
30%
Closing the stable after the horse has ______. Bolted
29%
____ like a horse. Kick
4%
No matching quizzes found
Score Distribution
Percent of People with Each Score
Percentile by Number Answered
Your Score History
You have not taken this quiz